Muslim Law & other Personal Laws (Family Law-II) 2nd Ed. (Record no. 19027)
[ view plain ]
| 000 -LEADER | |
|---|---|
| fixed length control field | 00415nam a2200157Ia 4500 |
| 008 - FIXED-LENGTH DATA ELEMENTS--GENERAL INFORMATION | |
| fixed length control field | 221030s9999 xx 000 0 und d |
| 020 ## - INTERNATIONAL STANDARD BOOK NUMBER | |
| ISBN | 9789390227839 |
| 041 ## - LANGUAGE CODE | |
| Language code of text/sound track or separate title | |
| 100 ## - MAIN ENTRY--AUTHOR NAME | |
| Personal name | S. R. Myneni |
| 245 #0 - TITLE STATEMENT | |
| Title | Muslim Law & other Personal Laws (Family Law-II) 2nd Ed. |
| Statement of responsibility, etc | by S. R. Myneni |
| 250 ## - EDITION STATEMENT | |
| Edition statement | 2nd |
| 260 ## - PUBLICATION, DISTRIBUTION, ETC. (IMPRINT) | |
| Name of publisher | Asia Law House |
| Place of publication | Hyderabad |
| Year of publication | 2021 |
| 300 ## - PHYSICAL DESCRIPTION | |
| Number of Pages | 659 |
| 650 ## - SUBJECT ADDED ENTRY--TOPICAL TERM | |
| Topical Term | Muslim Law |
| 942 ## - ADDED ENTRY ELEMENTS (KOHA) | |
| Koha item type | Books |
| Accession Number | Cost, normal purchase price | Bill Date | Source of acquisition | Price effective from | Koha item type | Withdrawn / writtenoff status | Materials specified (bound volume or other part) | Damaged status | Not for loan | Permanent Location | Current Location | Shelving location | Date acquired | Lost/ Missing status | department |
|---|---|---|---|---|---|---|---|---|---|---|---|---|---|---|---|
| LLB 180 | 630.00 | 15 | RKB | 10/30/2022 | Books | Not For Loan | MIET Library, Jammu | MIET Library, Jammu | BL-, FL-, CUP-181, SH-5, R-5 | 05/05/2022 | BBA LLB | ||||
| LLB 181 | 630.00 | 15 | RKB | 10/30/2022 | Books | MIET Library, Jammu | MIET Library, Jammu | BL-, FL-, CUP-176, SH-3, R-3 | 05/05/2022 | BBA LLB |